000
00248nam a2200121Ia 4500
999
_c
7561
_d
7561
020
_a
9780195794489
082
_a
823
_b
1475
100
_a
Kamila Shamsie
245
0
_a
Salt and Saffron
260
_a
UK
_b
Addision
_c
2000
300
_a
246
942
_c
E-L